Music Quiz

Random Music or Artist Quiz

Billboard #1 Artists (2012) Quiz Stats

 Plays Quiz Updated Mar 24, 2019

Score 0/13 Timer 03:00
1 Play Today
First Day As #1 Artist % Correct
September 1 (3 wks)Taylor Swift
63%
January 21 (2 wks)Rihanna ft. Calvin Harris
60.3%
December 1 (3 wks)Rihanna
59.9%
March 3 (1 wk)Katy Perry
48.9%
February 4 (2 wks)Adele
42.4%
June 23 (9 wks)Carly Rae Jepsen
40.4%
September 29 (9 wks)Maroon 5
38%
March 17 (6 wks)fun. ft. Janelle Monáe
32.7%
December 22 (2 wks)Bruno Mars
31.3%
April 28 (8 wks)Gotye ft. Kimbra
25.8%
August 25 (2 wks)Flo Rida
25.4%
February 18 (3 wks)Kelly Clarkson
22.2%
January 7 (2 wks)LMFAO
16.5%

You're not logged in!

Compare scores with friends on all Sporcle quizzes.
OR
Log In

You Might Also Like...

Show Comments

Extras

Top Quizzes Today


Score Distribution

Your Account Isn't Verified!

In order to create a playlist on Sporcle, you need to verify the email address you used during registration. Go to your Sporcle Settings to finish the process.

Report this User

Report this user for behavior that violates our Community Guidelines.

Details: